John Wesley : (Record no. 3851)
[ view plain ]
| 000 -LEADER | |
|---|---|
| fixed length control field | 01811cam a2200373 i 4500 |
| 001 - CONTROL NUMBER | |
| control field | 3541203 |
| 003 - CONTROL NUMBER IDENTIFIER | |
| control field | OCoLC |
| 005 - DATE AND TIME OF LATEST TRANSACTION | |
| control field | 20181123110934.0 |
| 008 - FIXED-LENGTH DATA ELEMENTS--GENERAL INFORMATION | |
| fixed length control field | 771219s1978 miuaf b 001 0beng |
| 010 ## - LIBRARY OF CONGRESS CONTROL NUMBER | |
| LC control number | 77027583 |
| 020 ## - INTERNATIONAL STANDARD BOOK NUMBER | |
| International Standard Book Number | 0310366607 |
| 020 ## - INTERNATIONAL STANDARD BOOK NUMBER | |
| International Standard Book Number | 9780310366607 |
| 035 ## - SYSTEM CONTROL NUMBER | |
| System control number | (OCoLC)3541203 |
| Canceled/invalid control number | (OCoLC)608866100 |
| 040 ## - CATALOGING SOURCE | |
| Original cataloging agency | DLC |
| Language of cataloging | eng |
| Transcribing agency | DLC |
| Modifying agency | OCL |
| -- | OCLCQ |
| -- | BTCTA |
| -- | OCLCG |
| -- | HNW |
| -- | AU@ |
| -- | OCLCA |
| -- | OCLCQ |
| -- | CFT |
| -- | OCLCQ |
| -- | TXSPL |
| -- | OCLCF |
| -- | VLB |
| -- | CIRBC |
| 043 ## - GEOGRAPHIC AREA CODE | |
| Geographic area code | e-uk-en |
| 050 #0 - LIBRARY OF CONGRESS CALL NUMBER | |
| Classification number | BX8495.W5 |
| Item number | T73 |
| 082 14 - DEWEY DECIMAL CLASSIFICATION NUMBER | |
| Classification number | 287 |
| Item number | T967J |
| 092 0# - LOCALLY ASSIGNED DEWEY CALL NUMBER (OCLC) | |
| Classification number | 287.092 |
| Item number | W513tu |
| 100 1# - MAIN ENTRY--PERSONAL NAME | |
| Personal name | Tuttle, Robert G., |
| Dates associated with a name | 1941- |
| 245 10 - TITLE STATEMENT | |
| Title | John Wesley : |
| Remainder of title | his life and theology / |
| Statement of responsibility, etc. | Robert G. Tuttle, Jr. |
| 260 ## - PUBLICATION, DISTRIBUTION, ETC. | |
| Place of publication, distribution, etc. | Grand Rapids : |
| Name of publisher, distributor, etc. | Zondervan Pub. House, |
| Date of publication, distribution, etc. | ©1978. |
| 300 ## - PHYSICAL DESCRIPTION | |
| Extent | 368 pages, [4] leaves of plates : |
| Other physical details | illustrations ; |
| Dimensions | 23 cm |
| 336 ## - CONTENT TYPE | |
| Content type term | text |
| Content type code | txt |
| Source | rdacontent |
| 337 ## - MEDIA TYPE | |
| Media type term | unmediated |
| Media type code | n |
| Source | rdamedia |
| 338 ## - CARRIER TYPE | |
| Carrier type term | volume |
| Carrier type code | nc |
| Source | rdacarrier |
| 504 ## - BIBLIOGRAPHY, ETC. NOTE | |
| Bibliography, etc. note | Includes bibliographical references and index. |
| 520 ## - SUMMARY, ETC. | |
| Summary, etc. | The author has several primary objectives in this book : to give us an interesting and readable biography which struggles with a man of history and emotion, while at the same time demonstrate an appreciation for the detail available to us through his Diaries, Journals, and Letters ; to present a comprehensive theological analysis which takes into account a practical theologian whose theological thrust seems to shift as needs shift ; to spark the kind of interest that would cause you to go out and read Wesley yourself ; to inspire. --from inside jacket flap. |
| 600 10 - SUBJECT ADDED ENTRY--PERSONAL NAME | |
| Personal name | Wesley, John, |
| Dates associated with a name | 1703-1791. |
| 650 #0 - SUBJECT ADDED ENTRY--TOPICAL TERM | |
| Topical term or geographic name entry element | Methodists |
| Geographic subdivision | England |
| Form subdivision | Biography. |
| 650 #0 - SUBJECT ADDED ENTRY--TOPICAL TERM | |
| Topical term or geographic name entry element | Evangelists |
| Geographic subdivision | England |
| Form subdivision | Biography. |
| 650 #4 - SUBJECT ADDED ENTRY--TOPICAL TERM | |
| Topical term or geographic name entry element | Methodists |
| General subdivision | Biography. |
| 655 #7 - INDEX TERM--GENRE/FORM | |
| Genre/form data or focus term | Biography. |
| Source of term | fast |
| Authority record control number or standard number | (OCoLC)fst01423686 |
| 942 ## - ADDED ENTRY ELEMENTS (KOHA) | |
| Source of classification or shelving scheme | Dewey Decimal Classification |
| Koha item type | Books |
| Withdrawn status | Lost status | Source of classification or shelving scheme | Damaged status | Not for loan | Collection code | Home library | Current library | Shelving location | Date acquired | Cost, normal purchase price | Total Checkouts | Full call number | Barcode | Date last seen | Price effective from | Koha item type |
|---|---|---|---|---|---|---|---|---|---|---|---|---|---|---|---|---|
| Dewey Decimal Classification | Non-fiction | Harvest Mission College | Harvest Mission College | General Stacks | 23.11.2018 | 640.00 | 287 T967J | 004304 | 23.11.2018 | 23.11.2018 | Books |
